000 00626nam a2200217Ii 4500
003 JO-AjNU
008 230606s9999||||xx |||||||||||||| ||und||
020 _a0-618-53195-5 , 0-618-53196-3
040 _aJO-AjNU
_beng
_erda
_cJO-AjNU
041 _aeng
050 1 4 _aPN4121.O833 2006
100 3 _aOsborn,Michael , Osborn,Suzanne,
_eauthor
_92230
245 0 0 _aPublic Speaking
250 _a7 ed
264 3 1 _aNew York:Houghton Mifflin Company, 2006
300 _a564P
336 _atext
_btxt
_2rdacontent
337 _aunmediated
_bn
_2rdamedia
338 _avolume
_bnc
_2rdacarrier
650 4 _a Public speaking
_92231
999 _aE1168
_c1168
_d1168